000 00512nam a2200205Ia 4500
003 OSt
005 20221005121409.0
006 a|||||r|||| 00| 0
007 ta
008 221004b |||||||| |||| 00| 0 guj d
024 _a46147
037 _cTextual
040 _aCRL
_cCRL
_bguj
041 _2guj
_aguj
082 _aDelta25vJ1, 156G8
245 0 _aHarilal shodsh kala upadgat
650 _aSPIRITUALISM
942 _hDelta25vJ1, 156G8
_cTEXL
_2cc
999 _c1041045
_d1041045